000 01144na a2200349 4500
999 _c8198
_d8198
001 21369
003 MIRAKIL
005 20210215131520.0
008 170204b tu 000 0
035 _a20231
040 _aMilas
_btur
_cTR-AnCHP
041 _atur
082 _aCHP 324.6
_bY36 2009
090 _aBROŞÜR 300
245 _aYerel seçim el kitabı 2009
_c[derleyen] Cumhuriyet Halk Partisi
246 _aCHP 2009 seçim rehberi
260 _aAnkara
_bCHP
_c2009
300 _a176 s.
_c20 sm.
440 _aCumhuriyet Halk Partisi yayınları
_pKılavuzlar
500 _aDış kapakta yapıt adı: Yerel seçim el kitabı '09
610 _aCumhuriyet Halk Partisi (CHP)
_xYerel seçimler, 2009
_yKılavuzlar
650 _aSeçimler
_yHukuk ve mevzuat
_zTürkiye
710 _aCumhuriyet Halk Partisi
740 _aYerel seçim el kitabı '09
740 _aCHP 2009 seçim rehberi
830 _aCHP kılavuzları
942 _cBKS
_2ddc
999 _d8198
999 _d8198